000 004950000a22001810004500
999 _c49255
_d49255
001 2107
003 CO-MdFUSB
005 20181019155306.0
008 181019b xxu||||| |||| 00| 0 eng d
040 _cCO-MdBIC
082 0 4 _a818HC G92b
100 1 _aGrubb, Reba
245 1 0 _aThe beginning of god`s beauful world / Reba Grubb; ilustracion June Kallmeyer Deist
260 _aOhio : Standard Publishing
300 _a(24 p.)
650 1 4 _aCuentos Infantiles estadounidenses
942 _cLGB